000 01852nam a2200397 i 4500
003 DO-SdBNP
005 20260305134533.0
007 ta
008 250404b2024 dr ||||| |||| 00| 0 spa d
020 _a9789945251043 (v.1)
020 _a9789945251142 (v.2)
020 _a9789945251159 (v.3)
040 _aDO-SdBNP
_bspa
_cBNPHU
_erda
041 _aspa
082 4 _axxx
_bR696v
_222
100 1 _aRodríguez Morel, Genaro,
_eautor
_4aut.
_987352
245 1 0 _aVisita y residencia hecha al gobernador de la española don Antonio Osorio por Diego Gómez de Sandoval 1608 /
_cGenaro Rodríguez Morel ; presentación, Frank Moya Pons; cuidado de edición, Genaro Rodríguez Morel ; presentación, Frank Moya Pons ; diagramación y diseño de portada, Yenifer De la Rosa ; índice onomástico, geográfico y temático, Genaro Rodríguez Morel
250 _aprimera edición
264 4 _aSanto Domingo :
_bArchivo General de la Nación,
_c©2024.
300 _avolúmenes ;
_c26 cm.
336 _atexto
_btxt
_2rdacontent
337 _asin mediación
_bn
_2rdamedia
338 _avolumen
_bnc
_2rdacarrier
490 1 _aColección Archivo General de la Nación
_v504, 508
490 1 _aColección Academia Dominicana de la Historia
_v141, 169
500 _aIncluye índices
500 _aIncluye datos biográficos del autor en las solapas
590 _aInventariado, 2025/BT
600 1 4 _aOsorio y Villegas, Antonio,
_d1543-1608
_xCrítica e interpretación
_988159
651 7 _aRepública Dominicana
_xHistoria
_yÉpoca colonial-1608
_2LEMB
_988160
700 1 _aMoya Pons, Frank,
_epresentador
_4pr.
_984999
700 1 _aDe la Rosa, Yenifer,
_ediseñador
_4di.
_987986
830 0 _aColección Archivo General de la Nación
_n504, 508
_987353
_pColección Academia Dominicana de la Historia
_v141, 169
910 _aBtavárez
942 _2ddc
_cLBS1
999 _c58623
_d58623